[Event "EU-ch Amateur Online 1400/1700"]
[Site "Tornelo INT"]
[Date "2021.04.17"]
[Round "3"]
[White "Sarakatsanis, Ioannis Athanasios"]
[Black "Schriever Abeln, Marius"]
[Result "1-0"]
[WhiteElo "1632"]
[BlackElo "1404"]
[PlyCount "73"]
[EventDate "2021.04.17"]
[EventType "swiss (rapid)"]
[EventRounds "8"]
[EventCountry "NET"]
[SourceTitle "EXT 2023"]
[Source "ChessBase"]
[SourceDate "2022.10.05"]
[SourceVersion "1"]
[SourceVersionDate "2022.10.05"]
[SourceQuality "1"]

1. e4 e6 2. d4 d5 3. Nc3 Nf6 4. e5 Nfd7 5. f4 c5 6. Nf3 Nc6 7. Be3 Qb6 8. Na4 Qa5+ 9. c3 cxd4 10. b4 Qc7 11. Nxd4 Nxd4 12. Bxd4 Be7 13. Bd3 0-0 14. 0-0 f6 15. Qe2 a6 16. Qe3 b5 17. Nb2 Bb7 18. Rf3 fxe5 19. fxe5 Rxf3 20. gxf3 Rf8 21. Rf1 g6 22. Bb1 Kg7 23. Nd3 Rf7 24. Rf2 Qd8 25. Kg2 Bh4 26. Rf1 Qf8 27. f4 g5 28. Qh3 Qe7 29. f5 exf5 30. Rxf5 Qe6 31. Rxg5+ Bxg5 32. Qxe6 Nf8 33. Qg4 Kh6 34. Nc5 Rg7 35. Kh1 Bc6 36. Qh3+ Bh4 37. Qxh4# 1-0